| 000 | 01403nam a2200193Ii 4500 | ||
|---|---|---|---|
| 003 | JO-AjNU | ||
| 008 | 230605s9999||||xx |||||||||||||| ||und|| | ||
| 040 |
_aJO-AjNU _bara _erda _cJO-AjNU |
||
| 041 | _aara | ||
| 050 | 1 | 4 | _aLB2395.35 2015 |
| 100 | 3 |
_aاعداد النختار، هبه ثامر احمد؛ اشراف احمد حسن القضاة, _eauthor _957657 |
|
| 245 | 0 | 0 | _aدرجة تضمين التمارين والمسائل لمهارات التفكير الابداعي في كتب الرياضيات بالمرحلة الاساسية العليا من وجهة نظر المعلمين والمشرفين في الاردن =The Degree of inciuded creative thinking skills in Drills and Problems in Math Textbooks in the Higher Basic Stage as Perceived by Teachers and Supervisors in Jordan |
| 264 | 3 | 1 | _a جامعة ال البيت: كلية العلوم التربوية، 2015 |
| 300 |
_a63ص _bرسالة جامعية (ماجستير في مناهج الرياضيات واساليب التدريس للمرحلة الاساسية)--جامعة ال البيت، كلية العلوم التربوية(المفرق)، 2015، يشتمل على جداول توضيحية |
||
| 336 |
_atext _btxt _2rdacontent |
||
| 337 |
_aunmediated _bn _2rdamedia |
||
| 338 |
_avolume _bnc _2rdacarrier |
||
| 650 | 4 |
_aالرياضيات - تعليم وتعليم - التفكير الابداعي _957658 |
|
| 999 |
_aA25851 _c29419 _d29419 |
||